书目信息 |
| 题名: |
袭击珍珠港
|
|
| 作者: | 渊田美津雄 著 ;许秋明 译 | |
| 分册: | ||
| 出版信息: | 北京 商务印书馆 1979 |
|
| 页数: | 136页 | |
| 开本: | 19cm | |
| 丛书名: | ||
| 单 册: | ||
| 中图分类: | K152 , D55 | |
| 科图分类: | ||
| 主题词: | 国际政治 , 日本偷袭珍珠港(1941) | |
| 电子资源: | ||
| ISBN: | ||
| 000 | 00685nam0 2200253 45 | |
| 001 | 0179009056 | |
| 005 | 20060817102835.71 | |
| 010 | @dCNY0.37 | |
| 091 | @a3017.235 | |
| 100 | @a19950920d1979 em y0chiy0121 ea | |
| 101 | 1 | @achi@cjpn |
| 102 | @aCN@b110000 | |
| 105 | @ay z 000yy | |
| 200 | 10 | @a袭击珍珠港@Axi ji zhen zhu gang@f(日)渊田美津雄著@g许秋明译 |
| 210 | @a北京@c商务印书馆@d1979 | |
| 215 | @a136页@d19cm | |
| 606 | 0 | @a国际政治 |
| 606 | @a日本偷袭珍珠港(1941) | |
| 690 | @aK152@v3 | |
| 690 | @aD55 | |
| 701 | 0 | @a渊田美津雄@Ayuan tian mei jin xiong@4著 |
| 702 | 0 | @a许秋明@Axu qiu ming@4译 |
| 801 | 0 | @aCN@bNLC@c20060817 |
| 905 | @f1@b35515@f1@b35522@dD55@e9 | |
| 袭击珍珠港/(日)渊田美津雄著/许秋明译.-北京:商务印书馆,1979 |
| 136页;19cm |
| ISBN :CNY0.37 |
| ● |
| 相关链接 |
|
|
|
|
正题名:袭击珍珠港
索取号:D55/9
 
预约/预借
| 序号 | 登录号 | 条形码 | 馆藏地/架位号 | 状态 | 备注 |
| 1 | 0035513 | 001717217 | 密集书库/ [索取号:D55/9] | 在馆 | |
| 2 | 0035514 | 001718984 | 密集书库/ [索取号:D55/9] | 在馆 | |
| 3 | 0035515 | 000482276 | 第一样本阅览室/ [索取号:D55/9] | 在馆 | |
| 4 | 0035516 | 001760972 | 密集书库/ [索取号:D55/9] | 在馆 | |
| 5 | 0035517 | 001719028 | 密集书库/ [索取号:D55/9] | 在馆 | |
| 6 | 0035518 | 001717253 | 密集书库/ [索取号:D55/9] | 在馆 | |
| 7 | 0035519 | 001919892 | 密集书库/ [索取号:D55/9] | 在馆 | |
| 8 | 0035520 | 001919856 | 密集书库/ [索取号:D55/9] | 在馆 | |
| 9 | 0035521 | 001761098 | 密集书库/ [索取号:D55/9] | 在馆 | |
| 10 | 0035522 | 000482285 | 密集书库/ [索取号:D55/9] | 在馆 | |
| 11 | 0465282 | 204652820 | 密集书库/ [索取号:D55/9] | 在馆 |